UBT Library

The dynamics of mass communications: (Record no. 2413)

000 -LEADER
fixed length control field 00361nam a22001457a 4500
008 - FIXED-LENGTH DATA ELEMENTS--GENERAL INFORMATION
fixed length control field 160524b xxu||||| |||| 00| 0 eng d
020 ## - INTERNATIONAL STANDARD BOOK NUMBER
International Standard Book Number 9780073126678
020 ## - INTERNATIONAL STANDARD BOOK NUMBER
International Standard Book Number 0073126675
020 ## - INTERNATIONAL STANDARD BOOK NUMBER
International Standard Book Number 9780073268705
020 ## - INTERNATIONAL STANDARD BOOK NUMBER
International Standard Book Number 0073268704
041 ## - LANGUAGE CODE
Language code of text/sound track or separate title eng
080 ## - UNIVERSAL DECIMAL CLASSIFICATION NUMBER
Universal Decimal Classification number 316.77
245 ## - TITLE STATEMENT
Title The dynamics of mass communications:
Statement of responsibility, etc Joseph R. Dominick;
942 ## - ADDED ENTRY ELEMENTS (KOHA)
Source of classification or shelving scheme
Item type Books
Holdings
Withdrawn status Lost status Source of classification or shelving scheme Damaged status Not for loan Collection code Permanent location Current location Shelving location Date acquired Total Checkouts Full call number Barcode Date last seen Price effective from Koha item type
          Koleksioni i përgjithshem UBT - Lipjan UBT - Lipjan Koleksioni i përgjithshem 05/24/2016   316.77 DOM 002-028470 05/24/2016 05/24/2016 Books
UBT Library © 2015-2024. All rights reserved University Education for Business and Technology